[Event "GER-ch U12 Girls"]
[Site "Willingen"]
[Date "2023.06.03"]
[Round "9"]
[White "Baihaghi, Aryana"]
[Black "Ali, Maha"]
[Result "1/2-1/2"]
[WhiteElo "1334"]
[BlackElo "1403"]
[PlyCount "105"]
[EventDate "2023.05.27"]
[EventType "swiss"]
[EventRounds "9"]
[EventCountry "GER"]
[SourceTitle "CBM 214 Extra"]
[Source "ChessBase"]
[SourceDate "2023.07.31"]
[SourceVersion "1"]
[SourceVersionDate "2023.07.31"]
[SourceQuality "1"]

1. e4 c6 2. d3 d5 3. Nd2 dxe4 4. dxe4 Nf6 5. g3 Bg4 6. Ngf3 Nbd7 7. Bg2 e6 8. 0-0 Bd6 9. Qe1 Bc7 10. e5 Nd5 11. c4 N5b6 12. b3 0-0 13. h3 Bxf3 14. Nxf3 a5 15. Qe4 Nc5 16. Qe3 Ncd7 17. Ba3 Re8 18. Rad1 Qb8 19. Bd6 a4 20. Ng5 h6 21. Ne4 axb3 22. axb3 f5 23. Nc5 Nxc5 24. Bxc7 Qxc7 25. Qxc5 Nd7 26. Qd6 Qxd6 27. Rxd6 Nxe5 28. Re1 Nf7 29. Rdxe6 Rxe6 30. Rxe6 Ra1+ 31. Kh2 Rb1 32. g4 fxg4 33. Be4 Ng5 34. Bxb1 Nxe6 35. hxg4 Kf7 36. Kg3 Kf6 37. Kh4 Nf4 38. b4 g5+ 39. Kg3 Ke5 40. Bf5 Kd4 41. Bc8 Kxc4 42. Bxb7 Kb5 43. Kf3 Nd3 44. Ke3 Nxb4 45. Bxc6+ Kxc6 46. Ke4 Nd3 47. Kxd3 Kd5 48. Ke3 Ke5 49. Kf3 Kd4 50. Kg2 Ke4 51. Kg3 Ke5 52. Kf3 Kd4 53. Kg2 1/2-1/2

[Event "GER-ch U12 Girls"]
[Site "Willingen"]
[Date "2023.05.30"]
[Round "4"]
[White "Baihaghi, Aryana"]
[Black "Schoenknecht, Mathilde"]
[Result "1-0"]
[WhiteElo "1334"]
[BlackElo "1008"]
[PlyCount "105"]
[EventDate "2023.05.27"]
[EventType "swiss"]
[EventRounds "9"]
[EventCountry "GER"]
[SourceTitle "CBM 214 Extra"]
[Source "ChessBase"]
[SourceDate "2023.07.31"]
[SourceVersion "1"]
[SourceVersionDate "2023.07.31"]
[SourceQuality "1"]

1. e4 e5 2. Nf3 Nf6 3. Nc3 Nc6 4. Bb5 Nd4 5. Ba4 Bc5 6. d3 c6 7. Nxe5 d6 8. Nf3 Bg4 9. Be3 b5 10. Bxd4 Bxd4 11. Bb3 a5 12. a3 0-0 13. h3 Bh5 14. g4 Bg6 15. Nxd4 Qb6 16. Nf5 Bxf5 17. gxf5 Rae8 18. Qd2 d5 19. 0-0-0 a4 20. Ba2 d4 21. Ne2 c5 22. Rhg1 Nd7 23. Qg5 g6 24. Nf4 Ne5 25. Rg3 Kh8 26. Nh5 Rg8 27. Nf6 Qd8 28. Nxg8 Qxg5+ 29. Rxg5 Rxg8 30. fxg6 Nxg6 31. Bxf7 Rg7 32. Bxg6 Rxg6 33. Rxg6 hxg6 34. Rg1 Kh7 35. Rg5 b4 36. Rxc5 bxa3 37. bxa3 Kh6 38. Rc4 Kh5 39. e5 g5 40. e6 Kh4 41. e7 Kxh3 42. Rxd4 Kg2 43. e8Q Kf1 44. Qc6 Ke2 45. Re4+ Kf1 46. Rg4 Ke2 47. Qe4+ Kf1 48. Qh1+ Ke2 49. Rg3 g4 50. Qd1+ Kxf2 51. Qg1+ Ke2 52. Qe3+ Kf1 53. Rg1# 1-0

[Event "GER-ch U12 Girls"]
[Site "Willingen"]
[Date "2023.05.29"]
[Round "3"]
[White "Fettan, Nua"]
[Black "Baihaghi, Aryana"]
[Result "0-1"]
[WhiteElo "1234"]
[BlackElo "1334"]
[PlyCount "103"]
[EventDate "2023.05.27"]
[EventType "swiss"]
[EventRounds "9"]
[EventCountry "GER"]
[SourceTitle "CBM 214 Extra"]
[Source "ChessBase"]
[SourceDate "2023.07.31"]
[SourceVersion "1"]
[SourceVersionDate "2023.07.31"]
[SourceQuality "1"]

1. e4 e5 2. Nf3 Nc6 3. d4 exd4 4. Nxd4 Bc5 5. Be3 Qf6 6. c3 Qg6 7. f3 Nge7 8. Qd2 d5 9. Bd3 Ne5 10. Rg1 Nxd3+ 11. Qxd3 dxe4 12. fxe4 0-0 13. Nd2 Nd5 14. Bf2 Re8 15. Qb5 Rxe4+ 16. Nxe4 Qxe4+ 17. Qe2 Qxe2+ 18. Nxe2 Bd6 19. Bg3 Bxg3+ 20. Nxg3 Bg4 21. Kd2 Rd8 22. Kc2 Ne3+ 23. Kc1 Nc4 24. h3 Be6 25. Re1 Rd3 26. Nh5 Rd2 27. b3 Rd3 28. bxc4 Rxc3+ 29. Kb2 Rxc4 30. Rec1 Rb4+ 31. Ka3 Rh4 32. Rd1 h6 33. Ng3 b5 34. Rab1 Ra4+ 35. Kb2 Rxa2+ 36. Kc3 Rxg2 37. Nh5 Bxh3 38. Nf4 Rg3+ 39. Rd3 Rxd3+ 40. Kxd3 Bf5+ 41. Kc3 Bh3 42. Nd3 Bf5 43. Nf4 Bxb1 44. Kb4 c6 45. Kc5 a5 46. Ne2 b4 47. Nd4 h5 48. Kxc6 h4 49. Kb5 h3 50. Nf3 Be4 51. Nh2 b3 52. Kc4 0-1

[Event "GER-chT U12"]
[Site "Magdeburg"]
[Date "2021.08.07"]
[Round "5.6"]
[White "Mende, Alexander"]
[Black "Baihaghi, Aryana"]
[Result "0-1"]
[WhiteElo "866"]
[BlackElo "1057"]
[PlyCount "43"]
[EventDate "2021.08.04"]
[EventType "team-swiss"]
[EventRounds "7"]
[EventCountry "GER"]
[SourceTitle "EXT 2022"]
[Source "ChessBase"]
[SourceDate "2021.10.06"]
[SourceVersion "1"]
[SourceVersionDate "2021.10.06"]
[SourceQuality "1"]
[WhiteTeam "Fritzdorf"]
[BlackTeam "Ohlsbach"]
[WhiteTeamCountry "GER"]
[BlackTeamCountry "GER"]

1. e4 e5 2. Nf3 Nc6 3. Bc4 Nf6 4. Nc3 Nxe4 5. Nxe4 d5 6. Bxd5 Qxd5 7. Nc3 Qd6 8. d3 Be7 9. 0-0 0-0 10. Be3 Bg4 11. Ne4 Qg6 12. Bg5 Bxf3 13. Qxf3 Bxg5 14. Qg3 f6 15. Qg4 Nd4 16. c3 h5 17. Qd7 Rad8 18. Qxc7 Ne2+ 19. Kh1 f5 20. Nxg5 Qxg5 21. d4 Rf7 22. dxe5 0-1

[Event "GER-chT U12"]
[Site "Magdeburg"]
[Date "2021.08.06"]
[Round "3.4"]
[White "Schmidt, Moritz"]
[Black "Baihaghi, Aryana"]
[Result "1-0"]
[WhiteElo "1454"]
[BlackElo "1057"]
[PlyCount "57"]
[EventDate "2021.08.04"]
[EventType "team-swiss"]
[EventRounds "7"]
[EventCountry "GER"]
[SourceTitle "EXT 2022"]
[Source "ChessBase"]
[SourceDate "2021.10.06"]
[SourceVersion "1"]
[SourceVersionDate "2021.10.06"]
[SourceQuality "1"]
[WhiteTeam "Plettenberg"]
[BlackTeam "Ohlsbach"]
[WhiteTeamCountry "GER"]
[BlackTeamCountry "GER"]

1. e4 c5 2. c3 d5 3. d4 e5 4. Be3 Nd7 5. Nd2 Ngf6 6. Bb5 Qc7 7. Ngf3 cxd4 8. cxd4 exd4 9. Bxd4 dxe4 10. Qe2 Be7 11. Bxf6 Bxf6 12. Nxe4 0-0 13. Bxd7 Bxd7 14. Nxf6+ gxf6 15. 0-0 Kh8 16. Qe7 Qc6 17. Nd4 Qb6 18. Qxd7 Rad8 19. Qe7 Qxd4 20. Qxb7 Rg8 21. Qxf7 Rd7 22. Qh5 Rxg2+ 23. Kxg2 Qe4+ 24. f3 Qe2+ 25. Kh1 Rb7 26. Rae1 Qc4 27. Re8+ Kg7 28. Rg1+ Qg4 29. Rxg4# 1-0